Hard to Spell Countries - Statistics

General Stats
  • This quiz has been taken 29 times
  • The average score is 12 of 15
Answer Stats
Hint Answer % Correct
A small country located between Austria and Switzerland Liechtenstein
96%
Landlocked between Argentina, Brazil, and Bolivia Paraguay
96%
Located in the middle of Central America Nicaragua
92%
The smallest "Stan" country by area Tajikistan
92%
The largest of the countries that start with v Venezuela
92%
The smallest country in the Horn of Africa Djibouti
85%
One of the "Stan" countries, it is the only one to border both China and Kazakhstan Kyrgyzstan
85%
An Easr African Island nation Seychelles
85%
The smaller of the two "Stan" countries that border the Caspian Sea Turkmenistan
85%
The closest country to Madagascar Mozambique
81%
Found on the Southwest coast of Africa, it borders both Guinea and Liberia Sierra Leone
81%
Located in Western Africa, most of the county's territory is located in the Sahara. It also borders the Atlantic Ocean Mauritania
73%
Formally part of Yugoslavia, it borders Croatia to the North Bosnia andHerzegovina
62%
Part of a volcano island chain in Africa São Tomé and Príncipe
50%
It's larger island is shaped like a chicken leg, it's found in the Carribean Saint Kitts and Nevis
27%
No matching quizzes found
Score Distribution
Percent of People with Each Score
Percentile by Number Answered
Your Score History
You have not taken this quiz